Valencia y América / (Record no. 11507)

MARC details
000 -LEADER
campo de control de longitud fija 00854nam a22002535i 4500
001 - NÚMERO DE CONTROL
campo de control 11507
003 - IDENTIFICADOR DE NÚMERO DE CONTROL
campo de control ES-MaACL
005 - FECHA Y HORA DE LA ÚLTIMA TRANSACCIÓN
campo de control 20250801100714.0
008 - DATOS DE LONGITUD FIJA--INFORMACIÓN GENERAL
campo de control de longitud fija 921103s1992 sp ||||0| spa
020 ## - NÚMERO INTERNACIONAL ESTÁNDAR DEL LIBRO
Número Internacional Estándar del Libro 84-7100-359-7
080 ## - NÚMERO DE LA CLASIFICACIÓN DECIMAL UNIVERSAL
Número de la Clasificación Decimal Universal 9(=1.460.31:7/8)
100 1# - ENTRADA PRINCIPAL--NOMBRE DE PERSONA
Nombre de persona Ballesteros Gaibrois, Manuel,
Fechas asociadas al nombre 1911-2002
9 (RLIN) 25056
245 10 - MENCIÓN DEL TÍTULO
Título Valencia y América /
Mención de responsabilidad, etc. Manuel Ballesteros Gaibrois ; con la colaboración de Vicente Ribes Iborra.
260 ## - PUBLICACIÓN, DISTRIBUCIÓN, ETC.
Lugar de publicación, distribución, etc. Madrid :
Nombre del editor, distribuidor, etc. MAPFRE,
Fecha de publicación, distribución, etc. [1992]
300 ## - DESCRIPCIÓN FÍSICA
Extensión 349 p ;
Dimensiones 23 cm.
490 1# - MENCIÓN DE SERIE
Mención de serie Las Españas y América ;
Designación de volumen o secuencia 4
500 ## - NOTA GENERAL
Nota general Índices.
504 ## - NOTA DE BIBLIOGRAFÍA, ETC.
Nota de bibliografía, etc. Bibliografía: p. [311]-336.
650 14 - PUNTO DE ACCESO ADICIONAL DE MATERIA--TÉRMINO DE MATERIA
Término de materia o nombre geográfico como elemento de entrada Valencianos-
Subdivisión geográfica América-
Subdivisión de forma Historia.
9 (RLIN) 17727
700 1# - ENTRADA AGREGADA--NOMBRE PERSONAL
Nombre de persona Ribes Iborra, Vicent.
9 (RLIN) 96812
830 10 - PUNTO DE ACCESO ADICIONAL DE SERIE-TÍTULO UNIFORME
Título uniforme Colección Las Españas y América
Designación de volumen o secuencia 4
9 (RLIN) 179142
852 ## - LOCALIZACIÓN
Ubicación ES-MaACL
Número de control de estantería L-18832
Holdings
Estatus retirado Estado de pérdida Estado de daño No para préstamo Biblioteca de origen Biblioteca actual Ubicación en estantería Fecha de adquisición Fuente de adquisición Total de préstamos Signatura topográfica completa Código de barras Visto por última vez Precio de reemplazo Tipo de ítem Koha
        Biblioteca del Ateneo de Madrid Biblioteca del Ateneo de Madrid Depósito 2 17/01/2008     L-18832 1011730 23/02/2023 23/02/2023 Libro impreso